| 000 | 00510nam a2200169Ia 4500 | ||
|---|---|---|---|
| 003 | OSt | ||
| 005 | 20201221121146.0 | ||
| 008 | 190216s9999||||xx |||||||||||||| ||und|| | ||
| 040 | _coclc | ||
| 082 |
_a894.8121 _bPIL/K |
||
| 100 |
_aPillai, Sankara K G _97557 |
||
| 245 | 0 |
_aKochiyile Vrikshangal / _cK G Sankara Pillai |
|
| 260 |
_bUniversity Of Calicut, _c1997. _aCalicut university: |
||
| 300 | _a120p | ||
| 650 | _aKavithkal | ||
| 942 |
_cBK _2ddc _h894.8121 _iPIL/K _k894.8121 _mPIL/K |
||
| 999 |
_c27633 _d27633 |
||